Meisies se dinge & enkele oorlewendes (Record no. 150590)

MARC details
000 -LEADER
fixed length control field 00456nam a2200169Ia 4500
003 - CONTROL NUMBER IDENTIFIER
control field 3228
005 - DATE AND TIME OF LATEST TRANSACTION
control field 20240708123332.0
008 - FIXED-LENGTH DATA ELEMENTS--GENERAL INFORMATION
fixed length control field 210817s9999 xx 000 0 und d
020 ## - INTERNATIONAL STANDARD BOOK NUMBER
International Standard Book Number 9781920335045
Qualifying information Paperback
040 ## - CATALOGING SOURCE
Original cataloging agency RDA
Transcribing agency 3228
082 ## - DEWEY DECIMAL CLASSIFICATION NUMBER
Classification number AJF HOPK
100 ## - MAIN ENTRY--PERSONAL NAME
Personal name Hopkins, Cathy,
9 (RLIN) 30052
245 #0 - TITLE STATEMENT
Title Meisies se dinge & enkele oorlewendes
260 ## - PUBLICATION, DISTRIBUTION, ETC.
Place of publication, distribution, etc. Erasmusrand,
Name of publisher, distributor, etc. Malan media,
Date of publication, distribution, etc. 2009
300 ## - PHYSICAL DESCRIPTION
Extent 158 pages
Dimensions 19 cm
942 ## - ADDED ENTRY ELEMENTS
item type Books
Source of classification or shelving scheme Dewey Decimal Classification
-- 163
-- Khulile Ngwenya
Holdings
Withdrawn status Lost status Damaged status Not for loan Home library Current library Date acquired Cost, normal purchase price Total Checkouts Barcode Date last seen Price effective from item type Source of classification or shelving scheme Full call number Collection code Shelving location
        Bethal Bethal 18.08.2021 140.00   3322810020099 18.08.2021 18.08.2021 Books        
        Sabie Public Library (Closed for renovations) Sabie Public Library (Closed for renovations) 08.07.2024     33228023890914 08.07.2024 08.07.2024 Books Dewey Decimal Classification AJF HOPK    
        Sabie Public Library (Closed for renovations) Sabie Public Library (Closed for renovations) 06.03.2025     33228023891136 06.03.2025 06.03.2025 Books Dewey Decimal Classification AJF HOPK Fiction Children's Area